| 000 | 00834cam a2200265 a 4500 | ||
|---|---|---|---|
| 999 |
_c10169 _d10169 |
||
| 001 | 24217241 | ||
| 003 | OCoLC | ||
| 005 | 20210217104019.0 | ||
| 008 | 910104s1991 flu 000 0 eng | ||
| 010 | _a91070020 | ||
| 020 | _a0884192849 | ||
| 020 | _a9780884192848 | ||
| 035 | _a(OCoLC)24217241 | ||
| 040 |
_aDLC _cDLC _dBTCTA _dBAKER |
||
| 050 | 0 | 0 |
_aBR115.C45 _bF827H |
| 082 | _bF827H | ||
| 100 | 1 | _aFrangipane, Francis | |
| 245 | 1 | 4 |
_aThe house of the Lord : _bGod's plan to liberate your city from darkness / _cFrancis Frangipane |
| 260 |
_aLake Mary, Fla. : _bCreation House, _cc1991 |
||
| 300 |
_a202 p. ; _c23 cm |
||
| 650 | 0 |
_aCities and towns _xReligious aspects _xChristianity |
|
| 650 | 0 | _aChurch | |
| 856 | 4 | 2 |
_3Publisher description _uhttp://www.loc.gov/catdir/enhancements/fy1011/91070020-d.html |
| 942 |
_2ddc _cBK |
||